000 02843nam0a2200445 4500
001 RU\NLR\BIBL_A\012010266
005 20190603155457.0
010 _a978-5-471-00763-5
_9300
021 _aRU
_bКН-П-19-027793
_9КН-П-19-2099
021 _aRU
_bКН-П-19-027793
_9КН-П-19-2218
035 _a(NLR Aleph) 012010266
035 _a(RuMoRGB)009953434
090 _a11447610
_c11447610
100 _a20190514d2019 u y0rusy50 ca
101 0 _arus
_aeng
_asah
102 _aRU
105 _acg z 000zb
200 1 _aМузыковед Надежда Николаева
_eтруды, письма, воспоминания
_fИнститут гуманитарных исследований и проблем малочисленных народов севера Сибирского отделения Российской академии наук
_g[составители: А. С. Ларионова и др.
_gред. коллегия: Э. Е. Алексеев (ответственный редактор), А. С. Ларионова, доктора искусствоведения]
210 _aЯкутск
_cРИО медиа-холдинга
_d2019
215 _a319 с., [4] л. портр., цв. портр.
_cноты, портр., табл.
_d21
300 _aТекст рус., англ., якут.
320 _aБиблиогр.: с. 316-319 и в конце разд.
600 1 _aНиколаева
_bН. Н.
_f1946 - 2010
_gНадежда Николаевна
_jДокументы и материалы
_92412199
_3RU\NLR\AUTH\6601656223
606 1 _aМузыка народов Якутии
_jДокументы и материалы
_92412204
_3RU\NLR\AUTH\6601656225
606 1 _aГероический эпос эвенкийский
_jДокументы и материалы
_xОбразы
_92412285
_3RU\NLR\AUTH\6601656267
686 1 _aЩ31г(2Р=Я)7дНиколаева
686 1 _aЩ313(2Р1)
686 1 _aШ3(251.1=Э)-694
686 1 _aШ3(251.1=Э)-611
702 1 _4220
_7ca
_8rus
_aЛарионова
_bА. С.
_gАнна Семеновна
_94874
_3RU\NLR\AUTH\7721813
702 1 _4340
_7ca
_8rus
_aАлексеев
_bЭ. Е.
_cд-р искусствоведения
_f1937-
_gЭдуард Ефимович
_9124020
_3RU\NLR\AUTH\7714347
702 1 _4570
_7ca
_8rus
_aНиколаева
_bН. Н.
_cискусствовед
_f1946-2010
_gНадежда Николаевна
_928916
_3RU\NLR\AUTH\7745981
712 0 2 _4475
_aИнститут гуманитарных исследований и проблем малочисленных народов Севера
_cЯкутск
_9768035
_3RU\NLR\AUTH\8810136103
942 _cBOOK
980 _aNBR
980 _aNB